000 00284nam a2200109Ia 4500
008 201216s9999 xx 000 0 und d
100 _aMorgan, James E.
245 0 _aAdministrative and supervisory management
260 _aEnglewood Cliffs
_bPrentice Hall
300 _a318
942 _cBK
999 _c6224
_d6224